LEADER 00997nam a2200265 i 4500 001 991002018189707536 008 130411s1989 xxu eng d 020 $a9780801496851 035 $ab14107806-39ule_inst 040 $aDip.to di Storia, Societą e Studi sull'Uomo - Sez. Sc. Pedagogiche Psic. Did.$bita 082 0 $a320.011 100 1 $aPogge, Thomas Winfried Menko$0473204 245 00$aRealizing Rawls /$cThomas W. Pogge 260 $aIthaca ;$aLondon :$bCornell University Press,$c1989 300 $aXII, 296 p. ;$c23 cm 440 0$aPolitical philosophy 504 $aBibliografia: p. 281-284 600 14$aRawls, John 650 4$aGiustizia 907 $a.b14107806$b02-04-14$c11-04-13 912 $a991002018189707536 945 $aLE022 320 RAW01. POG01. 01$g1$i2022000137676$lle022$nLE022/PISANO'/2013$op$pE24.07$q-$rl$s- $t0$u0$v0$w0$x0$y.i15512423$z23-05-13 996 $aRealizing Rawls$9264756 997 $aUNISALENTO 998 $ale022$b - - $cm$da $e-$feng$gxxu$h0$i0 LEADER 01617nam0 22003253i 450 001 VAN00281496 005 20250203071908.583 010 $a978-88-916643-5-8 100 $a20240927d2024 |0itac50 ba 101 $aita 102 $aIT 105 $a|||| ||||| 181 $ai$b e 182 $an 200 1 $aPubblici spettacoli, trattenimenti, safety e security$eguida pratica con formulario e schede operative$eatti e procedure per la gestione della sicurezza delle manifestazioni temporanee$fSaverio Linguanti 210 $aSantarcangelo di Romagna$cMaggioli$dc2024 215 $a388 p.$d24 cm 410 1$1001VAN00208500$12001 $aCommercio & attivitą economiche$1210 $aSantarcangelo di Romagna$cMaggioli.$v9 606 $aSPETTACOLI PUBBLICI$xLegislazione$3VANC038006$2AR 620 $dSantarcangelo di Romagna$3VANL000123 700 1$aLinguanti$bSaverio$3VANV059013$0428437 712 $aMaggioli $3VANV108045$4650 801 $aIT$bSOL$c20250207$gRICA 899 $aBIBLIOTECA DEL DIPARTIMENTO DI INGEGNERIA$1IT-CE0100$2VAN05 899 $aBIBLIOTECA DEL DIPARTIMENTO DI ARCHITETTURA E DISEGNO INDUSTRIALE$1IT-CE0107$2VAN01 912 $aVAN00281496 950 $aBIBLIOTECA DEL DIPARTIMENTO DI ARCHITETTURA E DISEGNO INDUSTRIALE$d01PREST IIEa346 $e01BDA2370 20240927 950 $aBIBLIOTECA DEL DIPARTIMENTO DI INGEGNERIA$d05PREST L 516 $e05UBI2308 20250108 996 $aPubblici spettacoli, trattenimenti, safety e security$94307072 997 $aUNICAMPANIA LEADER 01422cam0 22003611 450 001 SOBE00049967 005 20250515075307.0 100 $a20151112d1990 |||||ita|0103 ba 101 $afre$aita 102 $aIT 200 1 $aEschilo$fVictor Hugo$ga cura di Annalisa Paradiso$gcon una nota di Luciano Canfora$gcon la Vita di Eschilo anonima 210 $aPalermo$cSellerio$d1990 215 $a127 p.$d17 cm 225 2 $acittą antica$v2 300 $aTesto francese a fronte 300 $aTraduzione di: The Shakespeare l'ancien 410 1$1001LAEC00027732$12001 $aLa *cittą antica$v2 700 1$aHugo$b, Victor$3AF00004834$4070$0444801 702 1$aParadiso, Annalisa$3SOBA00011970$4070 702 1$aCanfora, Luciano$3AF00007796$4070 801 0$aIT$bUNISOB$c20250515$gRICA 850 $aUNISOB 852 $aUNISOB$j870$m62209 852 $aUNISOB$j870$m66167 852 $aUNISOB$j870$m73511 912 $aSOBE00049967 940 $aM 102 Monografia moderna SBN 941 $aM 957 $a870$b000583$gSI$d62209$rAcquisto$tN$1petrellap$2UNISOB$3UNISOB$420151112180343.0$520151112180407.0$6petrellap 957 $a870$b000615$gSI$d66167$rAcquisto$tN$1petrellap$2UNISOB$3UNISOB$420151118143530.0$520151118143601.0$6petrellap 957 $a870$b000110$gSI$d73511$racquisto$tN$1bethb$2UNISOB$3UNISOB$420250515074311.0$520250515075307.0$6bethb 996 $aEschilo$91725655 997 $aUNISOB